[Event "1.FrauenBL 2018-19"]
[Site "Berlin"]
[Date "2019.03.02"]
[Round "10.1"]
[White "Bodnaruk, Anastasia"]
[Black "Socko, Monika"]
[Result "1/2-1/2"]
[WhiteElo "2422"]
[BlackElo "2442"]
[Annotator "NA"]
[PlyCount "85"]
[EventDate "2018.10.27"]
[EventType "team-tourn"]
[EventCountry "GER"]
[SourceTitle "playchess.com"]
[Source "ChessBase"]
[SourceQuality "1"]
[WhiteTeam "Rodewischer SM"]
[BlackTeam "Hamburger SK"]
[TimeControl "40/5400+30:1800+30"]

1. e4 {[%emt 0:00:05]} c6 {[%emt 0:00:06]} 2. d4 {[%emt 0:00:11]} d5 {[%emt 0:00:04]} 3. e5 {[%emt 0:00:09]} c5 {[%emt 0:00:05]} 4. c3 {[%emt 0:02:14]} Nc6 {[%emt 0:01:04]} 5. Be2 {[%emt 0:00:11]} Bf5 {[%emt 0:02:04]} 6. Nf3 {[%emt 0:00:22]} e6 {[%emt 0:01:58]} 7. O-O {[%emt 0:00:25]} Nge7 {[%emt 0:03:33]} 8. dxc5 {[%emt 0:18:04]} Bxb1 {[%emt 0:01:15]} 9. Rxb1 {[%emt 0:00:03]} Ng6 {[%emt 0:00:22]} 10. b4 {[%emt 0:03:58]} Be7 {[%emt 0:10:30]} 11. Bb5 {[%emt 0:03:15]} O-O {[%emt 0:01:38]} 12. Bxc6 {[%emt 0:11:04]} bxc6 {[%emt 0:00:04]} 13. Qe2 {[%emt 0:00:19]} Qc7 {[%emt 0:07:40]} 14. Re1 {[%emt 0:01:33]} Rae8 {[%emt 0:00:12]} 15. Nd4 {[%emt 0:13:56]} Qc8 {[%emt 0:01:14]} 16. f4 {[%emt 0:00:00]} f6 {[%emt 0:06:59]} 17. Bd2 {[%emt 0:08:27]} Bd8 {[%emt 0:13:51]} 18. g3 {[%emt 0:10:51]} Rf7 {[%emt 0:09:00]} 19. Rf1 {[%emt 0:10:46]} Ref8 {[%emt 0:08:32]} 20. exf6 {[%emt 0:02:33]} Bxf6 {[%emt 0:03:07]} 21. Nxe6 {[%emt 0:02:17]} Re8 {[%emt 0:00:27]} 22. f5 {[%emt 0:00:08]} Nf8 {[%emt 0:00:50]} 23. Rbe1 {[%emt 0:04:14]} Rfe7 {[%emt 0:00:17]} 24. Qf3 {[%emt 0:03:32]} Nxe6 {[%emt 0:01:19]} 25. fxe6 {[%emt 0:00:01]} Rxe6 {[%emt 0:00:46]} 26. Rxe6 {[%emt 0:00:29]} Rxe6 {[%emt 0:00:09]} 27. Bg5 {[%emt 0:03:09]} Qe8 {[%emt 0:01:18]} 28. Bxf6 {[%emt 0:00:02]} Rxf6 {[%emt 0:00:05]} 29. Qd3 {[%emt 0:00:23]} Re6 {[%emt 0:00:34]} 30. c4 {[%emt 0:02:08]} Re3 {[%emt 0:00:38]} 31. Qc2 {[%emt 0:00:31]} d4 {[%emt 0:05:40]} 32. Qf5 {[%emt 0:00:34]} d3 {[%emt 0:02:46]} 33. b5 {[%emt 0:00:25]} g6 {[%emt 0:02:51]} 34. Qf4 {[%emt 0:00:37]} Re1 {[%emt 0:02:25]} 35. b6 {[%emt 0:00:31]} axb6 {[%emt 0:04:56]} 36. cxb6 {[%emt 0:00:02]} Rxf1+ {[%emt 0:00:10]} 37. Qxf1 {[%emt 0:00:02]} d2 {[%emt 0:00:11]} 38. b7 {[%emt 0:00:06]} Qe3+ {[%emt 0:05:43]} 39. Kg2 {[%emt 0:00:01]} Qe4+ {[%emt 0:00:03]} 40. Kh3 {[%emt 0:00:47]} Qe6+ {[%emt 0:00:14]} 41. Kg2 {[%emt 0:03:39]} Qe4+ {[%emt 0:03:18]} 42. Kh3 {[%emt 0:04:52]} Qe6+ {[%emt 0:01:15]} 43. Kg2 {[%emt 0:00:14]} 1/2-1/2

[Event "1.FrauenBL 2018-19"]
[Site "Berlin"]
[Date "2019.03.02"]
[Round "10.1"]
[White "Shvayger, Yuliya"]
[Black "Kosteniuk, Alexandra"]
[Result "1/2-1/2"]
[WhiteElo "2368"]
[BlackElo "2545"]
[Annotator "ChessBase"]
[PlyCount "62"]
[EventDate "2018.10.27"]
[EventType "team-tourn"]
[EventCountry "GER"]
[SourceTitle "playchess.com"]
[Source "ChessBase"]
[SourceQuality "1"]
[WhiteTeam "SF Deizisau"]
[BlackTeam "OSG Baden-Baden"]
[TimeControl "40/5400+30:1800+30"]

1. e4 {[%emt 0:00:04]} e5 {[%emt 0:00:00]} 2. Nf3 {[%emt 0:00:08]} Nc6 {[%emt 0:00:14]} 3. Bb5 {[%emt 0:00:29]} a6 {[%emt 0:00:05]} 4. Bxc6 {[%emt 0:00:32]} dxc6 {[%emt 0:00:24]} 5. O-O {[%emt 0:00:10]} Qf6 {[%emt 0:00:00]} 6. d4 {[%emt 0:00:43]} exd4 {[%emt 0:00:53]} 7. Bg5 {[%emt 0:00:08]} Qd6 {[%emt 0:00:00]} 8. Nxd4 {[%emt 0:00:37]} Be7 {[%emt 0:00:21]} 9. Be3 {[%emt 0:00:33]} Nf6 {[%emt 0:00:34]} 10. f3 {[%emt 0:01:04]} c5 {[%emt 0:00:36]} 11. Ne2 {[%emt 0:01:09]} Be6 {[%emt 0:00:23]} 12. Nbc3 {[%emt 0:00:00]} O-O-O {[%emt 0:04:12]} 13. Qxd6 {[%emt 0:03:09]} cxd6 {[%emt 0:00:00]} 14. Nf4 {[%emt 0:02:37]} d5 {[%emt 0:03:11]} 15. exd5 {[%emt 0:03:23]} Nxd5 {[%emt 0:08:27]} 16. Ncxd5 {[%emt 0:09:43]} Bxd5 {[%emt 0:00:08]} 17. Nxd5 {[%emt 0:00:06]} Rxd5 {[%emt 0:00:03]} 18. Rad1 {[%emt 0:01:20]} Rhd8 {[%emt 0:00:11]} 19. Rxd5 {[%emt 0:00:37]} Rxd5 {[%emt 0:06:20]} 20. c4 {[%emt 0:07:49]} Rd3 {[%emt 0:00:00]} 21. Kf2 {[%emt 0:00:07]} Bf6 {[%emt 0:00:00]} 22. Ke2 {[%emt 0:00:00]} Rd6 {[%emt 0:00:00]} 23. b3 {[%emt 0:00:52]} Bd4 {[%emt 0:00:00]} 24. Bxd4 {[%emt 0:04:24]} Rxd4 {[%emt 0:00:00]} 25. Rd1 {[%emt 0:00:06]} Rxd1 {[%emt 0:01:50]} 26. Kxd1 {[%emt 0:00:02]} Kd7 {[%emt 0:00:16]} 27. Ke2 {[%emt 0:00:00]} Ke6 {[%emt 0:01:12]} 28. Ke3 {[%emt 0:00:00]} f5 {[%emt 0:02:55]} 29. f4 {[%emt 0:08:04]} h6 {[%emt 0:15:11]} 30. g3 {[%emt 0:01:41]} g6 {[%emt 0:00:00]} 31. h4 {[%emt 0:01:30]} h5 {[%emt 0:00:00]} 1/2-1/2

[Event "1.FrauenBL 2018-19"]
[Site "Berlin"]
[Date "2019.03.02"]
[Round "10.1"]
[White "Wagner-Michel, Annett"]
[Black "Mar, Karmen"]
[Result "1/2-1/2"]
[WhiteElo "2059"]
[BlackElo "2033"]
[Annotator "NA"]
[PlyCount "93"]
[EventDate "2018.10.27"]
[EventType "team-tourn"]
[EventCountry "GER"]
[SourceTitle "playchess.com"]
[Source "ChessBase"]
[SourceQuality "1"]
[WhiteTeam "Pankow"]
[BlackTeam "Hofheim"]
[TimeControl "40/5400+30:1800+30"]

1. e4 {[%emt 0:00:02]} c5 {[%emt 0:00:09]} 2. Nf3 {[%emt 0:00:07]} d6 {[%emt 0:00:19]} 3. Bb5+ {[%emt 0:00:00]} Nd7 {[%emt 0:00:00]} 4. Nc3 {[%emt 0:01:32]} a6 {[%emt 0:03:56]} 5. Bxd7+ {[%emt 0:00:46]} Bxd7 {[%emt 0:00:38]} 6. d4 {[%emt 0:00:19]} cxd4 {[%emt 0:00:00]} 7. Qxd4 {[%emt 0:00:07]} e5 {[%emt 0:02:29]} 8. Qd3 {[%emt 0:01:10]} Rc8 {[%emt 0:00:00]} 9. a4 {[%emt 0:08:16]} Qc7 {[%emt 0:04:18]} 10. O-O {[%emt 0:01:20]} h6 {[%emt 0:01:52]} 11. Be3 {[%emt 0:13:17]} Nf6 {[%emt 0:06:39]} 12. h3 {[%emt 0:01:02]} Be7 {[%emt 0:05:34]} 13. Rfd1 {[%emt 0:04:55]} Be6 {[%emt 0:06:54]} 14. Ne1 {[%emt 0:11:19]} O-O {[%emt 0:10:54]} 15. a5 {[%emt 0:00:53]} Rfe8 {[%emt 0:00:53]} 16. Kh1 {[%emt 0:09:20]} Bc4 {[%emt 0:20:00]} 17. Qd2 {[%emt 0:01:10]} Qc6 {[%emt 0:01:06]} 18. f3 {[%emt 0:01:25]} Nh5 {[%emt 0:06:13]} 19. Nd3 {[%emt 0:14:54]} f5 {[%emt 0:13:45]} 20. Nb4 {[%emt 0:00:00]} Qd7 {[%emt 0:00:00]} 21. Nbd5 {[%emt 0:00:11]} Bd8 {[%emt 0:04:43]} 22. Bf2 {[%emt 0:18:17]} fxe4 {[%emt 0:00:00]} 23. Nxe4 {[%emt 0:00:00]} Qe6 {[%emt 0:06:07]} 24. Ne3 {[%emt 0:00:00]} d5 {[%emt 0:01:30]} 25. Nxc4 {[%emt 0:00:00]} Rxc4 {[%emt 0:00:40]} 26. Nc5 {[%emt 0:00:27]} Qc6 {[%emt 0:00:00]} 27. b4 {[%emt 0:08:55]} Bg5 {[%emt 0:02:19]} 28. Qxd5+ {[%emt 0:00:00]} Qxd5 {[%emt 0:00:10]} 29. Rxd5 {[%emt 0:00:00]} Rxc2 {[%emt 0:00:28]} 30. Ne4 {[%emt 0:00:00]} Nf4 {[%emt 0:01:44]} 31. Rd7 {[%emt 0:03:36]} Re7 {[%emt 0:01:02]} 32. Rad1 {[%emt 0:00:00]} Rxd7 {[%emt 0:01:09]} 33. Rxd7 {[%emt 0:00:00]} Ne2 {[%emt 0:00:32]} 34. h4 {[%emt 0:00:00]} Bf4 {[%emt 0:00:29]} 35. g3 {[%emt 0:00:00]} Bc1 {[%emt 0:00:23]} 36. Rxb7 {[%emt 0:00:00]} Nd4 {[%emt 0:00:34]} 37. Rb8+ {[%emt 0:00:00]} Kh7 {[%emt 0:00:34]} 38. Rf8 {[%emt 0:01:58]} Rb2 {[%emt 0:00:27]} 39. Be1 {[%emt 0:00:38]} Rb1 {[%emt 0:00:48]} 40. Kg2 {[%emt 0:03:22]} Nc2 {[%emt 0:00:26]} 41. Bc3 {[%emt 0:30:29]} Ne3+ {[%emt 0:11:27]} 42. Kh2 {[%emt 0:00:00]} Bb2 {[%emt 0:08:00]} 43. Re8 {[%emt 0:00:00]} Nf1+ {[%emt 0:02:57]} 44. Kg2 {[%emt 0:00:00]} Ne3+ {[%emt 0:00:25]} 45. Kh2 {[%emt 0:00:00]} Nf1+ {[%emt 0:00:48]} 46. Kg2 {[%emt 0:00:00]} Ne3+ {[%emt 0:00:45]} 47. Kh2 {[%emt 0:00:00]} 1/2-1/2

[Event "1.FrauenBL 2018-19"]
[Site "Berlin"]
[Date "2019.03.02"]
[Round "10.2"]
[White "Cmilyte, Viktorija"]
[Black "Schleining, Zoya"]
[Result "1/2-1/2"]
[WhiteElo "2542"]
[BlackElo "2344"]
[Annotator "TA"]
[PlyCount "84"]
[EventDate "2018.10.27"]
[EventType "team-tourn"]
[EventCountry "GER"]
[SourceTitle "playchess.com"]
[Source "ChessBase"]
[SourceQuality "1"]
[WhiteTeam "OSG Baden-Baden"]
[BlackTeam "SF Deizisau"]

{[%evp 9,84,11,8,0,7,8,10,4,31,0,32,31,51,43,47,41,62,68,91,100,124,131,130,123,137,63,91,53,60,0,1,3,10,12,81,0,0,-16,0,0,0,-26,-16,-46,-64,-64,-45,-46,-59,-48,-45,-57,-64,-62,-33,-87,-84,-108,-34,-44,-8,-92,-37,-37,-27,-28,-27,-28,-29,-33,-31,-145,-35,-42,-7,0,0]} 1. d4 Nf6 2. c4 e6 3. Nf3 b6 4. g3 Bb4+ (4... Bb7 5. Bg2 Be7 6. O-O O-O 7. Re1 Qc8 8. Nc3 Ne4 9. Bd2 f5 10. Rc1 d6 11. d5 e5 12. Bh3 Nxd2 13. Nxd2 g5 14. f3 g4 15. fxg4 fxg4 {½-½ (26) Ivanchuk,V (2717)-Andreikin,D (2719) Sitges 2018}) 5. Nbd2 O-O 6. Bg2 {E15: Queen's Indian: 4 g3 sidelines, 4 g3 Ba6 and 4 g3 Bb7 early deviations} d5 7. O-O a5 8. Qc2 Ba6 9. Ne5 $146 ({Predecessor:} 9. b3 c6 10. e4 Nbd7 11. e5 Ne8 12. h4 Rc8 13. Ng5 g6 14. Ndf3 {1-0 (40) Alburt,L-Romanishin,O Vilnius 1975}) 9... c6 10. Rd1 Be7 11. b3 Ra7 12. Bb2 Rc7 13. Rac1 Bd6 14. e4 Bb4 15. cxd5 exd5 16. exd5 Nxd5 17. Ndc4 (17. Bxd5 $16 Qxd5 18. Ndc4) 17... Re8 $14 18. a3 Bf8 19. Qf5 (19. h4 $14) 19... Bc8 $11 20. Qf3 {Hoping for Nxc6!} Be6 21. Re1 f6 (21... Rce7 $11) 22. Nd3 (22. Nxc6 $1 $16 Rxc6 23. Rxe6 $1 {[%mdl 576] Remove Defender} Rcxe6 24. Qxd5) 22... Rce7 23. h3 Bf7 24. Rxe7 Rxe7 25. a4 Re8 26. Nd2 Qd7 27. Nc4 Na6 28. Nf4 {Black should prevent Nxd5.} Nab4 29. Nxd5 Nxd5 30. Qd3 Bg6 31. Qf1 Be4 32. Nd2 (32. Ne5 $15 Bxg2 33. Nxd7 Bxf1 34. Kxf1) 32... Bxg2 $17 33. Kxg2 Nb4 ({Black should play} 33... Bb4 $17 34. Nf3 g5) 34. Qc4+ $15 Qd5+ 35. Nf3 {[#]} (35. Qxd5+ $11 {keeps the balance.} cxd5 36. Rd1) 35... Re6 (35... Qxc4 $1 $17 36. Rxc4 b5) 36. Ba3 Qxc4 37. Rxc4 Nd5 38. Bxf8 Kxf8 39. Rc1 Ke7 40. Ne1 ({White should try} 40. Nd2 $15) 40... Nb4 (40... Re2 $17 41. Rd1 Rb2) 41. Kf3 Kd6 42. Ng2 Nd5 {Accuracy: White = 50%, Black = 38%.} 1/2-1/2

[Event "1.FrauenBL 2018-19"]
[Site "Berlin"]
[Date "2019.03.02"]
[Round "10.2"]
[White "Khademalsharieh, Sarasadat"]
[Black "Majdan, Joanna"]
[Result "1-0"]
[WhiteElo "2482"]
[BlackElo "2387"]
[Annotator "RC"]
[PlyCount "77"]
[EventDate "2018.10.27"]
[EventType "team-tourn"]
[EventCountry "GER"]
[SourceTitle "playchess.com"]
[Source "ChessBase"]
[SourceQuality "1"]
[WhiteTeam "Hamburger SK"]
[BlackTeam "Rodewischer SM"]
[TimeControl "40/5400+30:1800+30"]

1. Nf3 {[%emt 0:00:00]} Nf6 {[%emt 0:00:37]} 2. c4 {[%emt 0:00:21]} g6 {[%emt 0:00:38]} 3. d4 {[%emt 0:00:38]} Bg7 {[%emt 0:00:06]} 4. g3 {[%emt 0:00:06]} O-O {[%emt 0:00:08]} 5. Bg2 {[%emt 0:00:30]} d6 {[%emt 0:00:10]} 6. Nc3 {[%emt 0:00:35]} Nbd7 {[%emt 0:00:01]} 7. O-O {[%emt 0:00:13]} e5 {[%emt 0:00:13]} 8. e4 {[%emt 0:00:13]} exd4 {[%emt 0:00:13]} 9. Nxd4 {[%emt 0:00:06]} Re8 {[%emt 0:00:06]} 10. h3 {[%emt 0:00:14]} Nc5 {[%emt 0:00:14]} 11. Re1 {[%emt 0:00:14]} Bd7 {[%emt 0:00:14]} 12. Rb1 {[%emt 0:01:12]} h6 {[%emt 0:06:50]} 13. Kh2 {[%emt 0:03:41]} a5 {[%emt 0:03:24]} 14. b3 {[%emt 0:00:47]} Re5 {[%emt 0:00:00]} 15. f4 {[%emt 0:13:18]} Rh5 {[%emt 0:02:46]} 16. f5 {[%emt 0:05:16]} gxf5 {[%emt 0:00:18]} 17. Nd5 {[%emt 0:01:32]} Ncxe4 {[%emt 0:13:25]} 18. Nxf6+ {[%emt 0:14:47]} Nxf6 {[%emt 0:00:50]} 19. Bf4 {[%emt 0:00:08]} Qb8 {[%emt 0:05:14]} 20. Kg1 {[%emt 0:06:11]} Qa7 {[%emt 0:14:05]} 21. Be3 {[%emt 0:02:03]} Re8 {[%emt 0:02:03]} 22. Nxf5 {[%emt 0:06:54]} Rxe3 {[%emt 0:07:48]} 23. Nxe3 {[%emt 0:00:00]} Re5 {[%emt 0:01:02]} 24. Qd2 {[%emt 0:04:12]} Ne4 {[%emt 0:03:39]} 25. Bxe4 {[%emt 0:00:17]} Rxe4 {[%emt 0:00:04]} 26. Kh2 {[%emt 0:00:16]} Rd4 {[%emt 0:00:00]} 27. Qg2 {[%emt 0:04:06]} Qc5 {[%emt 0:05:56]} 28. Nd5 {[%emt 0:01:23]} c6 {[%emt 0:03:52]} 29. Nf4 {[%emt 0:00:37]} h5 {[%emt 0:00:00]} 30. Re7 {[%emt 0:04:41]} Bf5 {[%emt 0:00:05]} 31. Rf1 {[%emt 0:01:09]} h4 {[%emt 0:14:44]} 32. g4 {[%emt 0:13:05]} Rxf4 {[%emt 0:03:29]} 33. Rxf4 {[%emt 0:03:29]} Bg6 {[%emt 0:00:27]} 34. Re8+ {[%emt 0:00:00]} Kh7 {[%emt 0:01:25]} 35. Qf2 {[%emt 0:00:00]} Qg5 {[%emt 0:02:32]} 36. Rxf7 {[%emt 0:04:54]} Bxf7 {[%emt 0:01:07]} 37. Qxf7 {[%emt 0:00:00]} Qd2+ {[%emt 0:00:04]} 38. Kg1 {[%emt 0:00:00]} Qd4+ {[%emt 0:00:54]} 39. Kg2 {[%emt 0:00:00]} 1-0

[Event "1.FrauenBL 2018-19"]
[Site "Berlin"]
[Date "2019.03.02"]
[Round "10.2"]
[White "Winterholler, Christina"]
[Black "Goehler, Antje"]
[Result "1/2-1/2"]
[WhiteElo "2058"]
[BlackElo "2099"]
[Annotator "NA"]
[PlyCount "157"]
[EventDate "2018.10.27"]
[EventType "team-tourn"]
[EventCountry "GER"]
[SourceTitle "playchess.com"]
[Source "ChessBase"]
[SourceQuality "1"]
[WhiteTeam "Hofheim"]
[BlackTeam "Pankow"]
[TimeControl "40/5400+30:1800+30"]

1. e4 {[%emt 0:00:13]} c5 {[%emt 0:00:00]} 2. b3 {[%emt 0:00:25]} a6 {[%emt 0:02:09]} 3. Bb2 {[%emt 0:00:29]} Nc6 {[%emt 0:01:17]} 4. Nf3 {[%emt 0:04:59]} d6 {[%emt 0:01:23]} 5. d4 {[%emt 0:08:43]} cxd4 {[%emt 0:00:55]} 6. Nxd4 {[%emt 0:00:32]} e6 {[%emt 0:03:20]} 7. Bd3 {[%emt 0:26:02]} Nf6 {[%emt 0:11:45]} 8. Nd2 {[%emt 0:06:13]} Be7 {[%emt 0:01:13]} 9. Qe2 {[%emt 0:05:08]} Ne5 {[%emt 0:09:01]} 10. O-O {[%emt 0:14:08]} O-O {[%emt 0:03:12]} 11. c4 {[%emt 0:03:25]} Nxd3 {[%emt 0:00:59]} 12. Qxd3 {[%emt 0:00:03]} Qc7 {[%emt 0:07:53]} 13. Rac1 {[%emt 0:01:29]} Rd8 {[%emt 0:08:34]} 14. Qe2 {[%emt 0:05:04]} Bd7 {[%emt 0:03:42]} 15. Kh1 {[%emt 0:04:57]} Qa5 {[%emt 0:03:45]} 16. a3 {[%emt 0:05:02]} Qh5 {[%emt 0:01:39]} 17. f3 {[%emt 0:02:27]} e5 {[%emt 0:16:39]} 18. Nc2 {[%emt 0:01:30]} Ne8 {[%emt 0:00:34]} 19. Ne3 {[%emt 0:01:24]} Be6 {[%emt 0:00:26]} 20. Rfd1 {[%emt 0:03:03]} Bg5 {[%emt 0:01:43]} 21. Ndf1 {[%emt 0:00:52]} Qh6 {[%emt 0:01:24]} 22. Rc3 {[%emt 0:00:32]} g6 {[%emt 0:01:43]} 23. Rcd3 {[%emt 0:00:34]} f5 {[%emt 0:01:57]} 24. exf5 {[%emt 0:00:26]} gxf5 {[%emt 0:00:29]} 25. Nd5 {[%emt 0:00:46]} Bxd5 {[%emt 0:02:38]} 26. Rxd5 {[%emt 0:00:08]} Nc7 {[%emt 0:01:37]} 27. R5d3 {[%emt 0:00:54]} Qe6 {[%emt 0:01:06]} 28. Bc3 {[%emt 0:02:31]} b5 {[%emt 0:03:40]} 29. c5 {[%emt 0:02:14]} dxc5 {[%emt 0:01:48]} 30. Qxe5 {[%emt 0:00:24]} Qxe5 {[%emt 0:07:38]} 31. Bxe5 {[%emt 0:00:02]} Ne6 {[%emt 0:00:00]} 32. Ng3 {[%emt 0:00:53]} f4 {[%emt 0:00:00]} 33. Ne4 {[%emt 0:00:05]} Rxd3 {[%emt 0:00:00]} 34. Rxd3 {[%emt 0:00:02]} Rd8 {[%emt 0:00:00]} 35. Rd6 {[%emt 0:01:28]} Be7 {[%emt 0:00:27]} 36. Rxd8+ {[%emt 0:00:13]} Bxd8 {[%emt 0:00:08]} 37. Bd6 {[%emt 0:00:19]} c4 {[%emt 0:02:26]} 38. bxc4 {[%emt 0:00:01]} bxc4 {[%emt 0:00:00]} 39. Bb4 {[%emt 0:00:37]} a5 {[%emt 0:00:03]} 40. Bc3 {[%emt 0:01:20]} Be7 {[%emt 0:00:16]} 41. Bxa5 {[%emt 0:03:05]} Bxa3 {[%emt 0:05:07]} 42. Nd2 {[%emt 0:01:38]} Bc5 {[%emt 0:06:55]} 43. Nxc4 {[%emt 0:05:47]} Nd4 {[%emt 0:00:58]} 44. Bc7 {[%emt 0:12:57]} Ne2 {[%emt 0:00:54]} 45. g3 {[%emt 0:03:32]} fxg3 {[%emt 0:02:57]} 46. hxg3 {[%emt 0:00:02]} Nd4 {[%emt 0:00:22]} 47. Kg2 {[%emt 0:01:34]} Nf5 {[%emt 0:00:09]} 48. Bb6 {[%emt 0:01:03]} Bb4 {[%emt 0:02:47]} 49. g4 {[%emt 0:01:00]} Nd6 {[%emt 0:03:03]} 50. Ne5 Bc3 {[%emt 0:00:53]} 51. Nd3 {[%emt 0:01:19]} Nc4 {[%emt 0:00:44]} 52. Bc7 {[%emt 0:00:31]} Ne3+ {[%emt 0:00:25]} 53. Kg3 {[%emt 0:00:19]} Nd5 {[%emt 0:03:18]} 54. Bd6 {[%emt 0:01:01]} Ba5 {[%emt 0:03:32]} 55. f4 {[%emt 0:00:22]} Nf6 {[%emt 0:00:22]} 56. Kf3 {[%emt 0:00:30]} Bd2 {[%emt 0:01:55]} 57. g5 {[%emt 0:00:20]} Nh5 {[%emt 0:01:09]} 58. Ke4 {[%emt 0:03:22]} Ng3+ {[%emt 0:00:48]} 59. Ke5 {[%emt 0:00:28]} Kf7 {[%emt 0:01:08]} 60. Nc5 {[%emt 0:00:41]} Kg6 {[%emt 0:02:35]} 61. Nd7 {[%emt 0:00:46]} h5 {[%emt 0:01:09]} 62. gxh6 {[%emt 0:00:42]} Kxh6 {[%emt 0:00:04]} 63. Ke6 {[%emt 0:00:33]} Ne4 {[%emt 0:01:27]} 64. Bf8+ {[%emt 0:00:14]} Kh7 {[%emt 0:00:24]} 65. f5 {[%emt 0:00:05]} Bc3 {[%emt 0:00:33]} 66. Be7 {[%emt 0:00:29]} Ng3 {[%emt 0:00:40]} 67. f6 {[%emt 0:00:52]} Bxf6 {[%emt 0:00:19]} 68. Kxf6 {[%emt 0:00:26]} Kh6 {[%emt 0:00:36]} 69. Ne5 {[%emt 0:00:49]} Kh5 {[%emt 0:00:17]} 70. Ke6 {[%emt 0:00:22]} Kh6 {[%emt 0:01:21]} 71. Bh4 {[%emt 0:00:14]} Nh5 {[%emt 0:00:21]} 72. Kf7 {[%emt 0:00:13]} Nf4 {[%emt 0:00:12]} 73. Bg3 {[%emt 0:00:28]} Kg5 {[%emt 0:00:41]} 74. Be1 {[%emt 0:00:41]} Kf5 {[%emt 0:00:16]} 75. Nc6 {[%emt 0:00:13]} Nd5 {[%emt 0:00:25]} 76. Bd2 {[%emt 0:00:27]} Ke4 {[%emt 0:00:29]} 77. Ke6 {[%emt 0:00:59]} Nf4+ {[%emt 0:00:14]} 78. Kd6 {[%emt 0:00:14]} Nd5 {[%emt 0:00:26]} 79. Kc5 {[%emt 0:01:10]} 1/2-1/2

[Event "1.FrauenBL 2018-19"]
[Site "Berlin"]
[Date "2019.03.02"]
[Round "10.3"]
[White "Sieber, Fiona"]
[Black "Schneider, Jana"]
[Result "0-1"]
[WhiteElo "2331"]
[BlackElo "2201"]
[Annotator "NA"]
[PlyCount "62"]
[EventDate "2018.10.27"]
[EventType "team-tourn"]
[EventCountry "GER"]
[SourceTitle "playchess.com"]
[Source "ChessBase"]
[SourceQuality "1"]
[WhiteTeam "SK Lehrte"]
[BlackTeam "Bad Koenigshofen"]
[TimeControl "40/5400+30:1800+30"]

1. e4 {[%emt 0:00:03]} e5 {[%emt 0:00:07]} 2. Nf3 {[%emt 0:00:04]} Nc6 {[%emt 0:00:00]} 3. Bb5 {[%emt 0:00:13]} a6 {[%emt 0:00:00]} 4. Ba4 {[%emt 0:00:07]} Nf6 {[%emt 0:00:24]} 5. O-O {[%emt 0:00:04]} b5 {[%emt 0:00:10]} 6. Bb3 {[%emt 0:00:09]} Bc5 {[%emt 0:00:09]} 7. a4 {[%emt 0:01:12]} Rb8 {[%emt 0:00:14]} 8. c3 {[%emt 0:00:00]} d6 {[%emt 0:00:42]} 9. d4 {[%emt 0:00:38]} Bb6 {[%emt 0:00:30]} 10. a5 {[%emt 0:00:00]} Ba7 {[%emt 0:00:17]} 11. Be3 {[%emt 0:00:53]} Bg4 {[%emt 0:00:20]} 12. Nbd2 {[%emt 0:11:07]} O-O {[%emt 0:18:14]} 13. h3 {[%emt 0:07:33]} Bh5 {[%emt 0:00:26]} 14. Qc2 {[%emt 0:04:42]} Re8 {[%emt 0:08:20]} 15. d5 {[%emt 0:02:51]} Bxe3 {[%emt 0:00:31]} 16. fxe3 {[%emt 0:00:48]} Ne7 {[%emt 0:00:00]} 17. c4 {[%emt 0:00:15]} c6 {[%emt 0:08:08]} 18. dxc6 {[%emt 0:05:16]} Nxc6 {[%emt 0:02:28]} 19. cxb5 {[%emt 0:05:05]} Nxa5 {[%emt 0:03:07]} 20. bxa6 {[%emt 0:11:24]} Nxb3 {[%emt 0:00:21]} 21. Nxb3 {[%emt 0:01:42]} Qb6 {[%emt 0:00:34]} 22. Nbd2 {[%emt 0:07:18]} Qxe3+ {[%emt 0:03:24]} 23. Kh1 {[%emt 0:01:47]} Rbc8 {[%emt 0:00:44]} 24. Nc4 {[%emt 0:08:43]} Qc5 {[%emt 0:09:55]} 25. a7 {[%emt 0:04:02]} Bg6 {[%emt 0:03:51]} 26. Nfd2 {[%emt 0:00:00]} h6 {[%emt 0:03:02]} 27. Qb1 {[%emt 0:14:43]} d5 {[%emt 0:11:39]} 28. Nxe5 {[%emt 0:03:08]} Nxe4 {[%emt 0:06:32]} 29. Nxe4 {[%emt 0:01:56]} Bxe4 {[%emt 0:00:13]} 30. b4 {[%emt 0:01:15]} Qc3 {[%emt 0:02:29]} 31. Rc1 {[%emt 0:02:33]} Qxh3+ {[%emt 0:01:02]} 0-1

[Event "1.FrauenBL 2018-19"]
[Site "Berlin"]
[Date "2019.03.02"]
[Round "10.3"]
[White "Klek, Hanna Marie"]
[Black "Stefanova, Antoaneta"]
[Result "1/2-1/2"]
[WhiteElo "2313"]
[BlackElo "2493"]
[Annotator "TA"]
[PlyCount "65"]
[EventDate "2018.10.27"]
[EventType "team-tourn"]
[EventCountry "GER"]
[SourceTitle "playchess.com"]
[Source "ChessBase"]
[SourceQuality "1"]
[WhiteTeam "SF Deizisau"]
[BlackTeam "OSG Baden-Baden"]

{[%evp 9,65,-33,-44,-46,-46,-56,-9,-22,0,0,0,0,17,22,72,0,0,0,0,0,0,0,74,-29,-9,-9,-8,-8,31,13,78,82,71,18,102,78,73,88,75,74,96,86,74,68,82,78,128,102,108,91,152,138,160,0,0,0,140,0]} 1. d4 d5 2. c4 e6 3. Nc3 c6 4. Bf4 dxc4 5. e4 (5. a4 Nf6 6. e3 Nd5 7. Bxc4 Nxf4 8. exf4 Bd6 9. g3 O-O 10. Nf3 c5 11. O-O Nc6 12. Ne4 Nxd4 13. Nxd4 cxd4 14. Qxd4 {½-½ (14) Prusikin,M (2526)-Haba,P (2441) Germany 2017}) 5... b5 $1 6. a4 {D31: Queen's Gambit Declined: Semi-Slav without ...Nf6 (+ Marshall Gambit and Noteboom) and Exchange Variation lines without ...Nf6} Bb4 7. g3 Nd7 $146 ({Predecessor:} 7... Bb7 8. Bg2 Ne7 9. Nge2 a6 10. O-O Qb6 11. d5 cxd5 12. exd5 exd5 13. Nxd5 Nxd5 14. Bxd5 {1-0 (41) Toikkanen,P-Kopsa,P Finland 1987}) 8. Bg2 {The position is equal.} Nb6 9. axb5 cxb5 10. Nge2 Bb7 11. O-O Qd7 12. Be5 (12. d5 $16) 12... f6 $1 $11 {[%cal Rf6e5]} 13. Bf4 Ne7 14. Na2 {[%cal Bc3a2,Ba2c1,Bc1d3,Bd3c5][%mdl 32]} Ba5 15. Nac1 $36 {[%mdl 2048] White has good play.} Na4 (15... Bb4 $11) 16. Qc2 ({White should play} 16. b3 $16) 16... Bb6 17. b3 cxb3 $1 18. Qxb3 O-O 19. Nd3 Bxd4 (19... Ng6 $11) 20. Nxd4 $16 Qxd4 21. Qxb5 (21. Rac1 $16) 21... Nb6 (21... Bc6 $11 22. Qb4 Qxb4 23. Nxb4 Bb5) 22. Nc5 {[%mdl 1024] White has strong compensation.} Bc6 23. Qa5 e5 24. Be3 Qc4 25. Rfc1 Qf7 26. Bh3 f5 27. Qc3 Qh5 28. Qxe5 Qxh3 29. Qxe7 Rae8 (29... Rfe8 $142 30. Qd6 f4 31. Bxf4 (31. Qxc6 $2 {leads to mate.} f3 32. Qe6+ Rxe6 33. Nxe6 Qg2#) (31. Qxf4 Nd7 $16) 31... Bxe4 32. Nxe4 Rxe4 33. Rxa7 Rae8) 30. Qc7 Rc8 {[#]} 31. Qe7 $2 (31. Qe5 $1 $16 Rf6 32. Rxa7 fxe4 33. Nxe4 Bxe4 34. Qxe4 Rxc1+ 35. Bxc1) 31... Rce8 $1 $11 {[%cal Re8e7]} 32. Qc7 (32. Qxa7 $11 f4 33. Bxf4 (33. Qxb6 {is a self mate.} f3 34. Qb3+ Kh8 35. Qg8+ Rxg8 36. Kh1 Qg2#) 33... Rxf4 34. Qxb6 (34. gxf4 {gets mated.} Qg4+ 35. Kh1 Rxe4 36. Qxg7+ Qxg7 37. Rf1 Re1+ 38. Ne4 Bxe4+ 39. f3 Bxf3#) 34... Bxe4 35. Nxe4 Rfxe4 36. Qb3+ Qe6 37. Qxe6+ R4xe6 38. Rc7) 32... Rc8 $16 33. Qe7 {Precision: White = 51%, Black = 49%.} (33. Qe5 $16 fxe4 34. Rxa7) 1/2-1/2